00725nam a2200217Ia 4500003000400000005001700004008004100021040000700062041000800069082002200077100002500099245005500124260004500179365001300224650002600237650002200263906004900285942001200334999001900346952014200365OSt20230516103307.0210423s1990 xx 000 0 und d cAL aeng a305.56 223bROBD aROBB (Peter)9104719 aDalit movements and the meaning of labour in india aNew DelhibOxford University Pressc1990 b175cINR aSocial Groups9104720 aSociology9104721 aDalit ; india ; labour ; meaning ; movements 2ddccBK c172127d172127 001040708MSWaSACPGbSACPGd2001-11-28eIntel Book Distributersg175.00l0o305.56 ROBDpPG018665r2022-08-24 00:00:00w2021-04-26yBK